000 00682nam a2200205 a 4500
001 000040333
005 20201002034050.0
008 130821s2005 mx 000 0 spa d
020 _a9703216420
040 _aDO-SdBNP
_bspa
_cBNPHU
100 1 _aLara Gallegos, Joaquín
_d1909-1947
_966629
245 1 0 _aLa última erranza /
_cGallegos Lara ; viñetas de Galo Galecio.
260 _aMéxico :
_bUniversidad Nacional Autónoma de México :,
_c2005.
300 _a30 p. :
_bil. ;
_c21 cm.
490 1 _aLunes
_v31
533 _aFacsímil:
_bMéxico
_d1947
700 1 _aGalecio, Galo
_966630
710 2 _aUniversidad Nacional Autónoma de México
_942447
830 0 _aLunes
_v31
_966616
999 _c39823
_d39823